[Event "Vaujany Principal"]
[Site "?"]
[Date "2013.07.17"]
[Round "7.20"]
[White "Coppola, Federico"]
[Black "Deleva, Mathias"]
[Result "0-1"]
[WhiteElo "1957"]
[BlackElo "2098"]
[PlyCount "62"]
[SourceDate "2013.07.27"]

1. e4 e6 2. Nf3 d5 3. Nc3 Nf6 4. e5 Nfd7 5. d4 c5 6. dxc5 Bxc5 7. Bd3 Nc6 8.
Bf4 f6 9. exf6 Nxf6 10. Qe2 O-O 11. O-O-O a6 12. Ne5 Nxe5 13. Bxe5 Bd6 14. Bxd6
Qxd6 15. Rhe1 Bd7 16. f3 Qxh2 17. Rh1 Qg3 18. Kb1 Rad8 19. Rh3 Qg5 20. Rdh1 h6
21. Qf2 e5 22. Rg3 Qf4 23. Rh4 Ng4 24. Rhxg4 Bxg4 25. Nxd5 Qd4 26. Qf1 Bf5 27.
Bc4 Be6 28. c3 Qh4 29. Rh3 Bxh3 30. Ne7+ Kh7 31. Bd3+ e4 0-1

[Event "Vaujany Principal"]
[Site "?"]
[Date "2013.07.17"]
[Round "7.23"]
[White "Teychene, Jean-Louis"]
[Black "Grimm, Gyorgy"]
[Result "0-1"]
[WhiteElo "1943"]
[BlackElo "2009"]
[Annotator "Grimm Gyorgy"]
[PlyCount "104"]
[SourceDate "2013.07.27"]

1. Nf3 d5 2. d4 c6 3. c4 dxc4 4. a4 e6 5. Nc3 Bb4 6. e3 b5 7. axb5 (7. Bd2)
7... Bxc3+ 8. bxc3 cxb5 9. Be2 Nc6 10. O-O Nge7 11. Ba3 h6 (11... Qc7 12. Qc2
Bb7 13. e4) 12. Qc2 a6 13. Rfb1 Rb8 14. e4 Bb7 15. e5 f5 16. Bd6 (16. exf6 gxf6
) 16... Rc8 17. Nh4 $6 (17. Bxc4 Nxd4 18. Nxd4 Rxc4 19. Nxe6 Qc8) 17... g5 $1
18. Bh5+ $2 Kd7 19. Ng6 (19. Nf3 Nd5 20. Nd2 Nce7) 19... Nxg6 20. Bxg6 Ne7 21.
Bh5 Nd5 22. Bf3 Ra8 23. Be2 Qc8 24. g3 (24. g4 $5 f4 25. Qg6) 24... g4 25. Qd2
Qc6 26. f3 h5 27. Rf1 Rag8 28. Kf2 Rh7 29. Ke1 Qc8 30. Kd1 Qd8 31. Kc2 Qg5 32.
f4 (32. Qxg5 Rxg5 33. Kd2 Rg8 34. Rg1 h4 35. fxg4 fxg4 36. Raf1 hxg3 37. hxg3
a5) 32... Qd8 33. Rfb1 Qc8 34. Ra2 h4 35. Raa1 hxg3 36. hxg3 Rgh8 37. Kb2 {(=)}
Rh2 38. Ka3 Qd8 39. Kb2 R8h3 40. Rg1 Qh8 41. Raf1 Nb6 42. Ka3 Qd8 43. Qe1 Nd5
44. Kb2 Qa5 45. Qd2 Qa4 46. Rc1 b4 $1 47. Bxb4 (47. cxb4 Qb3+ 48. Ka1 Ne3 $19)
47... Nxb4 48. cxb4 Qb3+ 49. Ka1 Qa3+ 50. Qa2 Qxa2+ 51. Kxa2 Rxe2+ 52. Ka3 Rhh2
0-1

[Event "Vaujany Principal"]
[Site "?"]
[Date "2013.07.17"]
[Round "7.26"]
[White "De Lagontrie, Jean"]
[Black "Sonnet, Jean-Pierre"]
[Result "0-1"]
[WhiteElo "1911"]
[BlackElo "2113"]
[PlyCount "92"]
[SourceDate "2013.07.27"]

1. d4 d5 2. c4 e5 3. dxe5 d4 4. Nf3 Nc6 5. g3 Bg4 6. Nbd2 Qd7 7. Bg2 O-O-O 8.
O-O Bh3 9. e6 Bxe6 10. Ng5 Nge7 11. Nxe6 Qxe6 12. Nf3 h6 13. Bd2 Qxc4 14. b4
Nd5 15. b5 Qxb5 16. Rb1 Qc4 17. Rb3 Bc5 18. Qb1 Bb6 19. Rc1 Qa4 20. Bh3+ Kb8
21. Bf5 Nce7 22. Bd3 Nc3 23. Bxc3 dxc3 24. Rcxc3 Qd7 25. Rc4 Nc6 26. Rb5 Rhe8
27. Kg2 a6 28. Rb2 Qd5 29. Kg1 g5 30. a4 {(=)} h5 31. h3 f6 32. Kh2 Na5 33.
Rxb6 cxb6 34. Rb4 Qc5 35. Kg2 Ka7 36. Nd2 f5 37. Rb2 g4 38. h4 Nc6 39. Nc4 f4
40. Rxb6 f3+ 41. Kg1 Na5 42. Rb2 fxe2 43. Bxe2 Rxe2 44. Rxe2 Qxc4 45. Re5 Qxa4
46. Qf5 Rd1+ 0-1

[Event "Vaujany Principal"]
[Site "?"]
[Date "2013.07.18"]
[Round "8.1"]
[White "Vovk, Andrey"]
[Black "Foisor, Ovidiu-Doru"]
[Result "1-0"]
[WhiteElo "2567"]
[BlackElo "2400"]
[PlyCount "71"]
[SourceDate "2013.07.27"]

1. e4 e6 2. d4 d5 3. Nd2 Nf6 4. e5 Nfd7 5. c3 c5 6. Bd3 Nc6 7. Ne2 cxd4 8. cxd4
f6 9. exf6 Nxf6 10. Nf3 Bd6 11. O-O Qc7 12. Bd2 O-O 13. Rc1 Bd7 14. Ng3 Rae8
15. Bc3 Qb8 16. Re1 e5 (16... b5 $5) 17. Qb3 exd4 18. Nxd4 Nxd4 19. Bxd4 Bc6
20. Bxf6 Rxf6 (20... Bxg3 $14) 21. Be4 Re5 22. Red1 Rxe4 23. Nxe4 Bxh2+ 24. Kf1
Rf5 25. g3 Qf8 (25... Qe5 $5) 26. Kg2 Kh8 27. Rc5 h6 28. Rcxd5 Bxg3 29. Rd8
Bxf2 30. Rxf8+ Rxf8 31. Qe6 Bb6 32. Rf1 Rd8 33. Kg3 Rd3+ 34. Rf3 Bc7+ 35. Kg4
Rd4 36. Rf8+ 1-0

[Event "Vaujany Principal"]
[Site "?"]
[Date "2013.07.18"]
[Round "8.2"]
[White "Lobzhanidze, Davit"]
[Black "Solozhenkin, Evgeniy"]
[Result "0-1"]
[WhiteElo "2453"]
[BlackElo "2458"]
[PlyCount "118"]
[SourceDate "2013.07.27"]

1. e4 c5 2. Nc3 e6 3. Nf3 a6 4. g3 b5 5. Bg2 Bb7 6. d3 Ne7 7. O-O d5 8. exd5
Nxd5 9. a4 Be7 10. axb5 Nxc3 11. bxc3 axb5 12. Rxa8 Bxa8 13. Be3 O-O 14. Nd2
Nd7 15. Bxa8 Qxa8 16. Qf3 f5 17. Qxa8 Rxa8 18. Rb1 b4 19. c4 Ra2 20. Rc1 g5 21.
f4 g4 22. Nb3 Kf7 23. Kf1 h5 24. Ke2 Bd6 25. d4 cxd4 26. Bxd4 h4 27. c5 Bc7 28.
Ra1 Rxa1 29. Bxa1 h3 30. Bd4 e5 31. fxe5 Nxe5 32. Be3 Nf3 33. Kf2 Ke6 34. Nc1
Nxh2 35. Bf4 Bxf4 36. gxf4 Kd5 37. Nd3 Nf3 38. Nxb4+ Kxc5 39. Nd3+ Kd4 40. Nc1
Kc3 41. Ne2+ Kxc2 42. Ng3 Nh4 43. Ke2 Kc3 44. Ke3 Kc4 45. Nf1 Kd5 46. Ng3 Ke6
47. Kf2 Ng6 48. Ne2 Ne7 49. Ng3 Nd5 50. Ne2 Kf7 51. Kg3 Nf6 52. Nd4 Nh5+ 53.
Kh2 Kg6 54. Ne2 Kf6 55. Kg1 Ke6 56. Nd4+ Kd5 57. Nxf5 Ke4 58. Ne7 g3 59. f5 Nf4
0-1

[Event "Vaujany Principal"]
[Site "?"]
[Date "2013.07.18"]
[Round "8.3"]
[White "Carmaciu, Catalin"]
[Black "Horvath, Jozsef"]
[Result "0-1"]
[WhiteElo "2416"]
[BlackElo "2516"]
[Annotator "Horvath Jozsef"]
[PlyCount "54"]
[SourceDate "2013.07.27"]

1. e4 d6 2. d4 Nf6 3. Nc3 e5 4. Nf3 Nbd7 5. Bc4 Be7 6. O-O O-O 7. a4 (7. Re1)
7... c6 8. Re1 exd4 (8... b6) (8... a5) 9. Nxd4 Ne5 10. Ba2 (10. Bf1 Re8) 10...
Re8 11. h3 Bd7 (11... a5) 12. f4 Ng6 13. Qd3 (13. Be3) 13... d5 14. exd5 (14.
e5 Bb4) 14... cxd5 15. Bd2 (15. Nxd5 Nxd5 16. Bxd5 Bc5 (16... Qa5 17. Nf3 Bc5+
18. Kf1) 17. Bxf7+ Kxf7 18. Qc4+ Re6 19. f5 Bxd4+ 20. Be3) 15... Bc6 16. Kh2
Qd7 (16... Bd6 17. g3) 17. g3 Bc5 18. Nxc6 bxc6 19. b4 Bxb4 (19... Rxe1 20.
Bxe1 (20. Rxe1 Bxb4 21. Nxd5 cxd5 22. Bxb4 Qxa4) 20... Bxb4 21. Nxd5 cxd5 22.
Bxb4 Qxa4 23. Bc3) 20. Nxd5 cxd5 21. Bxb4 Qxa4 22. Rxe8+ Rxe8 23. Bc3 {
Diagramme #} Nxf4 $19 24. Qf5 (24. gxf4 Qxf4+ 25. Kg2 Re3 $19) 24... g6 25.
Qxf4 (25. Qxf6 Qxc2+ 26. Kg1 Qg2#) 25... Qxc2+ 26. Kh1 Qxc3 27. Rf1 Re1 (27...
Kg7 28. Bxd5) 0-1

[Event "Vaujany Principal"]
[Site "?"]
[Date "2013.07.18"]
[Round "8.5"]
[White "Ardelean, George-Catalin"]
[Black "Gazik, Igor"]
[Result "1-0"]
[WhiteElo "2505"]
[BlackElo "2319"]
[PlyCount "80"]
[SourceDate "2013.07.27"]

1. e4 Nf6 2. e5 Nd5 3. d4 d6 4. Nf3 dxe5 5. Nxe5 g6 6. Bc4 c6 7. O-O Bg7 8. Bb3
O-O 9. Qe2 Be6 10. Rd1 a5 11. a3 a4 12. Ba2 b5 13. Bxd5 Bxd5 14. Nc3 Na6 15.
Bf4 Nc7 16. Qe3 Bxe5 17. Bxe5 Ne6 18. Re1 Re8 19. Rad1 Qd7 20. Rd3 Rad8 21.
Rdd1 f6 22. Bg3 Ng7 23. f3 Nf5 24. Qf4 Nd6 25. Qc1 Nc4 26. Ne4 Bxe4 27. fxe4
Qe6 28. b3 Nd6 (28... axb3 29. cxb3 Na5 30. Qc3 Ra8 31. d5 cxd5 (31... Qd7 32.
a4) 32. exd5) 29. d5 cxd5 30. exd5 Qc8 (30... Qg4) 31. Qb2 Nf5 32. Bf2 Rd6 33.
bxa4 bxa4 34. Qb5 Qa8 35. c4 Rb8 36. Qc5 Rb3 (36... Rc8 37. Qb4 Rb8 38. Qd2
Rbd8 39. g4) 37. Rxe7 Qb8 38. Ree1 (38. Rc7 Rd8) 38... h5 39. Qa5 Rd7 40. Qxa4
Re7 1-0

[Event "Vaujany Principal"]
[Site "?"]
[Date "2013.07.18"]
[Round "8.6"]
[White "Joie, Sebastien"]
[Black "Ninov, Nikolai"]
[Result "1/2-1/2"]
[WhiteElo "2387"]
[BlackElo "2481"]
[PlyCount "41"]
[SourceDate "2013.07.27"]

1. d4 Nf6 2. c4 g6 3. Nc3 d5 4. cxd5 Nxd5 5. e4 Nxc3 6. bxc3 Bg7 7. Nf3 c5 8.
Rb1 O-O 9. Be2 cxd4 10. cxd4 Qa5+ 11. Bd2 Qxa2 12. O-O Nc6 13. Ra1 Qb2 14. Rb1
Qa2 15. Qc1 Nxd4 16. Nxd4 Bxd4 17. Bc4 Qa4 18. Bb5 Qa2 19. Bc4 Qa4 20. Bb5 Qa2
21. Bc4 1/2-1/2

[Event "Vaujany Principal"]
[Site "?"]
[Date "2013.07.18"]
[Round "8.7"]
[White "Juhasz, Armin"]
[Black "Doncea, Vladimir"]
[Result "0-1"]
[WhiteElo "2223"]
[BlackElo "2423"]
[PlyCount "148"]
[SourceDate "2013.07.27"]

1. d4 e6 2. c4 d5 3. Nc3 c5 4. cxd5 cxd4 5. Qa4+ Bd7 6. Qxd4 exd5 7. Qxd5 Nc6
8. Nf3 Nf6 9. Qd1 Bc5 10. e3 Qe7 11. Be2 g5 12. O-O g4 13. Nd4 h5 14. b4 Bxb4
15. Bb2 Rd8 16. Qc2 Rg8 17. Rad1 Rg5 18. Kh1 h4 19. f4 Rh5 20. h3 Bxc3 21. Bxc3
Ne4 22. Bxg4 Bxg4 23. hxg4 Rc5 24. Nxc6 Rxc6 25. Rxd8+ Kxd8 26. Qd3+ Rd6 27.
Bd4 Ng3+ 28. Kh2 Nxf1+ 29. Qxf1 Qe4 30. Qe1 Rxd4 31. Qxh4+ Kd7 32. exd4 Qxf4+
33. Kh3 Qxd4 34. Qh7 Qe3+ 35. g3 Ke7 36. Qh4+ Ke6 37. Qh8 Kd7 38. Qf6 Ke8 39.
Qh8+ Ke7 40. Qh4+ Ke6 41. Qh8 Qc5 42. Qe8+ Kf6 43. Qe4 b6 44. Qf4+ Kg7 45. Qe4
b5 46. Qd3 a5 47. Qd8 b4 48. Qe8 Qd5 49. Qe1 Qxa2 50. Qe5+ Kf8 51. Qd6+ Ke8 52.
Qe5+ Kd7 53. Qb5+ Kd6 54. Qb6+ Ke5 55. Qc7+ Kd4 56. Qf4+ Kc3 57. Qe5+ Kd2 58.
Qd4+ Kc1 59. Qc5+ Kd1 60. Qd4+ Kc1 61. Qc5+ Kd1 62. Qd4+ Qd2 63. Qa1+ Ke2 64.
Qxa5 Qh6+ 65. Kg2 Qc6+ 66. Kh2 b3 67. Qe5+ Kd2 68. g5 Qf3 69. Qb2+ Ke1 70. Qb1+
Kf2 71. Qg1+ Ke2 72. Qb1 Qf2+ 73. Kh3 Qf1+ 74. Qxf1+ Kxf1 0-1

[Event "Vaujany Principal"]
[Site "?"]
[Date "2013.07.19"]
[Round "8.8"]
[White "Di Nicolantonio, Lucas"]
[Black "Olivier, Jean-Christophe"]
[Result "0-1"]
[WhiteElo "2300"]
[BlackElo "2350"]
[PlyCount "94"]
[SourceDate "2013.07.27"]

1. d4 Nf6 2. c4 e6 3. Nf3 d5 4. Nc3 Nbd7 5. Bf4 dxc4 6. e3 a6 7. a4 Nb6 8. a5
Nbd5 9. Bxc4 Bb4 10. O-O O-O 11. Bg5 Bxc3 12. bxc3 Nxc3 13. Qc2 Nce4 14. Bh4 b5
15. Bd3 Bb7 16. Ne5 h6 17. Rac1 Qd5 18. f3 Nd6 19. Bxf6 gxf6 20. Nd7 Qg5 21. f4
Qg7 22. Nxf8 Rxf8 23. Qf2 Rc8 24. Rc5 Ne4 25. Bxe4 Bxe4 26. Rfc1 c6 27. Rh5 f5
28. Rh3 Kh7 29. Rg3 Qf8 30. Qb2 Bd5 31. Qe2 Rb8 32. Rh3 Qg7 33. Rg3 Qf8 34. Rh3
Be4 35. Qb2 Bd5 36. Qe2 Rb7 37. Kf2 Be4 38. Rc5 Qg7 39. Rg3 Qf6 40. Ke1 Qd8 41.
Qd2 b4 42. Qb2 b3 43. Kd2 Bd5 44. Ke1 Rb4 45. e4 fxe4 46. Qd2 Ra4 47. Rc1 Qf6
0-1

[Event "Vaujany Principal"]
[Site "?"]
[Date "2013.07.18"]
[Round "8.9"]
[White "Schoorl, Rob"]
[Black "Deleva, Michael"]
[Result "1-0"]
[WhiteElo "2340"]
[BlackElo "2225"]
[PlyCount "47"]
[EventDate "2013.07.27"]
[SourceDate "2013.07.27"]

1. e4 g6 2. d4 Bg7 3. Nc3 c6 4. Bc4 d6 5. Qe2 Nd7 6. Nf3 e6 7. Bb3 b5 8. d5 b4
9. dxe6 fxe6 10. Na4 Nb6 11. Nxb6 axb6 12. Ng5 Qe7 13. Qc4 Bd7 14. Nxe6 Qxe6
15. Qxe6+ Bxe6 16. Bxe6 Ke7 17. Bb3 Bh6 18. Bxh6 Nxh6 19. O-O-O Ng4 20. Rd2 g5
21. h4 h6 22. g3 Raf8 23. hxg5 Nxf2 24. Rh4 1-0

[Event "Vaujany Principal"]
[Site "?"]
[Date "2013.07.18"]
[Round "8.10"]
[White "Grimm, Daniel"]
[Black "Ravot, Sylvain"]
[Result "0-1"]
[WhiteElo "2275"]
[BlackElo "2288"]
[PlyCount "98"]
[EventDate "2013.07.27"]
[SourceDate "2013.07.27"]

1. e4 c5 2. Nf3 e6 3. d4 cxd4 4. Nxd4 Qb6 5. Nb3 Qc7 6. Nc3 a6 7. Bd3 Nf6 8. f4
d6 9. O-O Nbd7 10. Qf3 b5 11. Bd2 Bb7 12. Rae1 Be7 13. Kh1 g6 14. a3 O-O 15.
Qh3 Rfe8 16. Nd4 Bf8 17. e5 Nh5 18. Be4 Nc5 19. Bf3 Ng7 20. b4 dxe5 21. fxe5
Rad8 22. Be3 Nd7 23. Bxb7 Qxb7 24. Bg5 Be7 25. Ne4 Nf5 26. Bxe7 Rxe7 27. Nf6+
Nxf6 28. exf6 Rxd4 29. fxe7 Qxe7 30. Rd1 Rc4 31. Rf2 Qc7 32. Qd3 Kg7 33. Rfd2
Rd4 34. Qf3 Rf4 35. Qd3 Rh4 36. h3 Rd4 37. Qf3 Rf4 38. Qd3 Rd4 39. Qf3 Rf4 40.
Qd3 h5 41. c3 Qe5 42. a4 Re4 43. axb5 Ng3+ 44. Kg1 Re1+ 45. Kh2 Nf1+ 46. Kg1
Nxd2+ 47. Rxe1 Qxe1+ 48. Kh2 Nf1+ 49. Kg1 Ng3+ 0-1

[Event "Vaujany Principal"]
[Site "?"]
[Date "2013.07.18"]
[Round "8.12"]
[White "Foisor, Cristina-Adela"]
[Black "Prost, Frederic"]
[Result "1-0"]
[WhiteElo "2387"]
[BlackElo "2128"]
[PlyCount "107"]
[SourceDate "2013.07.27"]

1. Nf3 c5 2. c4 Nc6 3. g3 Nf6 4. Bg2 d5 5. cxd5 Nxd5 6. O-O e5 7. d3 Be7 8. Nc3
Nc7 9. b3 O-O 10. Bb2 Be6 11. Rc1 f6 12. Ne4 b6 13. a3 Nd4 14. Nfd2 Bf5 15. Nc3
Rc8 16. h3 Be6 17. e3 Nf5 18. Qe2 Qd7 19. Rfe1 Rfe8 20. h4 Rcd8 21. Bf1 Bf8 22.
Nce4 Qf7 23. Nc4 Qg6 24. h5 Qf7 25. Bg2 Qd7 26. Red1 Nb5 27. f4 exf4 28. gxf4
Nh4 29. Bxf6 Bg4 30. Qf2 Nxg2 31. Qxg2 Bxd1 32. Bxd8 Qg4 33. Qxg4 Bxg4 34. Bh4
Bxh5 35. a4 Nc7 36. Ne5 Nd5 37. Kf2 Re6 38. Bg3 Nb4 39. Rh1 Be8 40. Ke2 Bc6 41.
Nxc6 Rxc6 42. f5 Be7 43. Be5 Nd5 44. Kf3 g6 45. Ng3 Bd6 46. Ke4 Nf6+ 47. Bxf6
Bxg3 48. Bb2 gxf5+ 49. Kxf5 Bf2 50. Rh3 Rg6 51. Be5 Rg2 52. d4 cxd4 53. exd4
Be1 54. d5 1-0

[Event "Vaujany Principal"]
[Site "?"]
[Date "2013.07.18"]
[Round "8.13"]
[White "Deleva, Mathias"]
[Black "Kormos, Adam"]
[Result "1/2-1/2"]
[WhiteElo "2098"]
[BlackElo "2211"]
[PlyCount "146"]
[EventDate "2013.07.27"]
[SourceDate "2013.07.27"]

1. e4 e5 2. Nf3 Nc6 3. d4 exd4 4. Nxd4 Bb4+ 5. c3 Bc5 6. Be3 Bb6 7. Nxc6 bxc6
8. Bxb6 axb6 9. Bc4 Ne7 10. O-O d5 11. Bd3 Be6 12. a3 O-O 13. Nd2 d4 14. Qc2 c5
15. f4 dxc3 16. bxc3 Bd7 17. e5 Bf5 18. Ne4 Qc8 19. h3 Rd8 20. g4 Bxg4 21. hxg4
Qxg4+ 22. Kh2 Ng6 23. Rf2 Qh4+ 24. Kg1 Nxf4 25. Bf1 Qg4+ 26. Kh1 Qh5+ 27. Rh2
Qxe5 28. Re1 Ng6 29. Bc4 Rf8 30. Qg2 Rae8 31. Re3 Qf4 32. Qh3 h6 33. Rf2 Qh4
34. Bxf7+ Rxf7 35. Nf6+ Rxf6 36. Rxe8+ Kf7 37. Qxh4 Nxh4 38. Rfe2 Nf5 39. Kg1
Rd6 40. Rc8 Rd7 41. a4 Ne7 42. Ra8 Nc6 43. Kg2 Na5 44. Rc8 Kf6 45. Rf8+ Kg6 46.
Rc8 Nc4 47. Kh2 h5 48. Rh8 Rd3 49. Rg2+ Kf6 50. Rh7 g6 51. Rxc7 Ne5 52. Rb7
Nf3+ 53. Kh3 Ng5+ 54. Kh2 Nf3+ 55. Kh3 g5 56. Rxb6+ Kf5 57. Rf2 Rxc3 58. Rb8
g4+ 59. Kg2 h4 60. a5 Rc1 61. Rxf3+ gxf3+ 62. Kxf3 Rc3+ 63. Kg2 Ke4 64. Rh8 Ra3
65. Rxh4+ Kd5 66. Kf2 Kc6 67. Ke2 Kb5 68. Kd2 Kxa5 69. Rc4 Kb5 70. Rc3 Ra2+ 71.
Kc1 Kb4 72. Rg3 Ra3 73. Rxa3 Kxa3 1/2-1/2

[Event "Vaujany Principal"]
[Site "?"]
[Date "2013.07.18"]
[Round "8.15"]
[White "Grimm, Gyorgy"]
[Black "Adda, Olivier"]
[Result "1-0"]
[WhiteElo "2009"]
[BlackElo "2132"]
[PlyCount "89"]
[SourceDate "2013.07.27"]

1. e4 e5 2. Nf3 Nc6 3. Bb5 a6 4. Ba4 Nf6 5. d3 b5 6. Bb3 Bb7 7. O-O Bc5 8. Nc3
d6 9. Nd5 Na5 10. Nxf6+ gxf6 11. Be3 Nxb3 12. axb3 Qd7 (12... f5) 13. Nh4 Rg8
14. g3 Qh3 15. Qh5 $1 (15. Nf5) 15... Bxe3 16. fxe3 Rg5 17. Qh6 O-O-O 18. Rxf6
Rdg8 19. Rf3 Qg4 20. Rxf7 Rh5 21. Rf8+ Rxf8 (21... Kd7 22. Rxg8 $18) 22. Qxf8+
Kd7 23. Qf6 Qe2 24. Qf3 Qxf3 25. Nxf3 Rh6 26. b4 $1 Rf6 27. Rf1 Ke7 28. c3 Bc8
29. Nh4 Bg4 30. Rxf6 Kxf6 31. Kf2 h6 32. Nf3 Ke6 33. Kg2 Bh5 34. h3 Bg6 35. g4
c5 36. Nh4 Be8 37. Nf5 Bc6 38. Kf3 c4 39. d4 exd4 (39... d5 40. exd5+ Bxd5+ 41.
e4 Bb7 42. d5+ Kf6 43. Nxh6 $18) 40. Nxd4+ Kd7 41. Nxc6 Kxc6 42. Kf4 Kd7 43.
Kf5 Ke7 44. h4 Kf7 45. g5 1-0

[Event "Vaujany Principal"]
[Site "?"]
[Date "2013.07.18"]
[Round "8.16"]
[White "Boucquet, Emile"]
[Black "Adam, Gyorgy jr"]
[Result "0-1"]
[WhiteElo "2045"]
[BlackElo "2126"]
[PlyCount "58"]
[EventDate "2013.07.27"]
[SourceDate "2013.07.27"]

1. d4 g6 2. c4 Bg7 3. Nc3 d6 4. e4 Nf6 5. f3 O-O 6. Be3 Nc6 7. Nge2 e5 8. d5
Ne7 9. g4 Ne8 10. g5 f5 11. gxf6 Bxf6 12. h4 h5 13. Ng1 Kh7 14. Qd2 c5 15.
O-O-O a6 16. Bh3 b5 17. Bxc8 Qxc8 18. Nh3 bxc4 19. Rdg1 Ng7 20. Rg2 Ra7 21. Qe2
Rb7 22. Qxc4 Bxh4 23. f4 Bf6 24. Qe2 Qb8 25. f5 gxf5 26. Qxh5+ Nxh5 27. Nf4 Ng6
28. Rxg6 exf4 29. exf5 Rg7 0-1

[Event "Vaujany Principal"]
[Site "?"]
[Date "2013.07.18"]
[Round "8.17"]
[White "Gazik, Viktor"]
[Black "Van Foreest, Lucas"]
[Result "1-0"]
[WhiteElo "2112"]
[BlackElo "2082"]
[PlyCount "63"]
[EventDate "2013.07.27"]
[SourceDate "2013.07.27"]

1. e4 d6 2. d4 Nf6 3. Nc3 g6 4. Be3 Bg7 5. f3 c6 6. g4 Nbd7 7. h4 Qb6 8. Qc1 h5
9. g5 Ng8 10. Nce2 e6 11. c3 Ne7 12. Ng3 O-O 13. Bd3 Qc7 14. N1e2 b6 15. Qd2
Bb7 16. Bc2 c5 17. O-O Rac8 18. Rac1 c4 19. f4 f5 20. gxf6 Nxf6 21. f5 exf5 22.
exf5 Qc6 23. Nf4 Nxf5 24. Nxf5 gxf5 25. Ne6 Rf7 26. Rxf5 Ne4 27. d5 Qe8 28.
Bxe4 Rxf5 29. Qg2 Qd7 30. Bd4 Bxd5 31. Nxg7 Rf4 32. Nxh5+ 1-0

[Event "Vaujany Principal"]
[Site "?"]
[Date "2013.07.18"]
[Round "8.22"]
[White "Sonnet, Jean-Pierre"]
[Black "Antoine, Jean-Luc"]
[Result "0-1"]
[WhiteElo "2113"]
[BlackElo "2028"]
[PlyCount "108"]
[EventDate "2013.07.27"]
[SourceDate "2013.07.27"]

1. e4 c5 2. Nf3 d6 3. d3 Nc6 4. g3 g6 5. Bg2 Bg7 6. O-O e5 7. Nc3 Nge7 8. Nh4
Be6 9. f4 exf4 10. gxf4 Qd7 11. Be3 O-O 12. Qd2 f5 13. Rae1 Rae8 14. Kh1 Kh8
15. Nf3 b6 16. Ng5 Bg8 17. Rf3 d5 18. exd5 Nxd5 19. Nxd5 Bxd5 20. Rh3 h6 21.
Nf3 Kh7 22. Rg3 Re6 23. c3 Rfe8 24. a3 Rd6 25. Nh4 Ne7 26. Bg1 Bf6 27. Nf3 Nc6
28. Rxe8 Qxe8 29. Ne1 Bxg2+ 30. Nxg2 Ne7 31. Re3 {(=)} Qd7 32. h3 Nd5 33. Rg3
Bd8 34. Qc2 Nf6 35. b4 Nh5 36. Rf3 Qc6 37. Qe2 Re6 38. Qf2 cxb4 39. cxb4 Bc7
40. Bh2 Qc1+ 41. Bg1 Qxa3 42. Qd4 Qa4 43. Rf2 Qc6 44. Qc4 Qxc4 45. dxc4 Re4 46.
Ra2 Bb8 47. c5 Rxb4 48. cxb6 axb6 49. Ra8 Bd6 50. Ra7+ Kg8 51. Ra8+ Kf7 52.
Ra7+ Kf6 53. Ra6 Rb1 54. Kh2 Nxf4 0-1

[Event "Vaujany Principal"]
[Site "?"]
[Date "2013.07.19"]
[Round "9.1"]
[White "Horvath, Jozsef"]
[Black "Vovk, Andrey"]
[Result "1/2-1/2"]
[WhiteElo "2516"]
[BlackElo "2567"]
[PlyCount "60"]
[SourceDate "2013.07.27"]

1. Nf3 Nf6 2. g3 g6 3. b3 Bg7 4. Bb2 O-O 5. Bg2 d6 6. d4 c6 7. O-O Ne4 8. Nbd2
Nxd2 9. Qxd2 Bf5 10. c4 (10. Nh4) 10... Be4 11. e3 Nd7 12. Qe2 Qa5 13. Nd2 Bxg2
14. Kxg2 e5 15. Qd3 exd4 16. Bxd4 Nc5 17. Qc2 Bxd4 18. exd4 Ne6 19. Nf3 Rfe8 (
19... d5) 20. Rac1 Re7 21. Qc3 Qxc3 22. Rxc3 Rae8 23. Re3 f6 24. Rfe1 Kf7 25.
Kf1 Nc7 26. Rxe7+ Rxe7 27. Rxe7+ Kxe7 28. Ke2 d5 29. c5 Ne6 30. Kd3 Kd7 1/2-1/2

[Event "Vaujany Principal"]
[Site "?"]
[Date "2013.07.19"]
[Round "9.2"]
[White "Solozhenkin, Evgeniy"]
[Black "Manolache, Marius"]
[Result "1/2-1/2"]
[WhiteElo "2458"]
[BlackElo "2504"]
[PlyCount "121"]
[SourceDate "2013.07.27"]

1. e4 c5 2. Nf3 e6 3. c3 Nf6 4. e5 Nd5 5. d4 cxd4 6. cxd4 d6 7. a3 Bd7 8. Bd3
Bc6 9. O-O Be7 10. Re1 dxe5 11. dxe5 h6 12. Bc2 Nd7 13. Nd4 Qb6 14. Nxc6 bxc6
15. Nd2 O-O 16. Nc4 Qc5 17. Qd3 f5 18. exf6 Rxf6 19. Be3 Nxe3 20. Rxe3 Nf8 21.
Qe2 Rd8 22. b4 Qd4 23. Rd1 Qf4 24. Rxd8 Bxd8 25. g3 Qd4 26. Qd3 Bb6 27. Nxb6
Qxb6 28. Qd6 a5 29. Be4 axb4 30. Qxb4 Qa6 31. Qc3 Rf7 32. Qxc6 Qa7 33. Kg2 Rc7
34. Qd6 Rd7 35. Qb4 Rd4 36. Qb7 Qxb7 37. Bxb7 Nd7 38. Bc8 Kf7 39. Bxd7 Rxd7 40.
a4 Ra7 41. Ra3 Ra5 42. Kf3 Ke7 43. Ke4 e5 44. Kd3 Kd6 45. Kc4 Kc6 46. Kb4 Rd5
47. a5 Kb7 48. a6+ Ka7 49. Rc3 Rd2 50. Rc7+ Kxa6 51. Rxg7 Rxf2 52. Rg6+ Kb7 53.
Rxh6 e4 54. Kc3 e3 55. Kd3 e2 56. Re6 Rxh2 57. Rxe2 Rh8 58. g4 Kc6 59. Rf2 Kd6
60. Rf5 Rh4 61. Rg5 $11 1/2-1/2

[Event "Vaujany Principal"]
[Site "?"]
[Date "2013.07.19"]
[Round "9.3"]
[White "Doncea, Vladimir"]
[Black "Ardelean, George Catalin"]
[Result "0-1"]
[WhiteElo "2423"]
[BlackElo "2505"]
[PlyCount "50"]
[SourceDate "2013.07.27"]

1. d4 Nf6 2. c4 c5 3. d5 e6 4. Nc3 exd5 5. cxd5 d6 6. Nf3 g6 7. Bf4 a6 8. e4 (
8. a4) 8... Nh5 9. Bg5 Be7 10. Bh6 Bf8 11. Bg5 Be7 12. Bh6 Bf8 13. Bxf8 Kxf8
14. a4 Kg7 15. b4 cxb4 16. Qd4+ Qf6 17. Qxb4 Re8 18. Be2 Nf4 19. O-O Nd7 20.
Ra2 (20. Rfe1 Ne5 21. Nxe5 Rxe5 22. Bf1 Nh3+ 23. gxh3 Rg5+ 24. Kh1 Qxf2) 20...
Ne5 21. Nxe5 Rxe5 22. Bf3 (22. g3 Bh3 (22... Nxe2+ 23. Rxe2 Bh3 24. f4 Bxf1 25.
fxe5 dxe5 26. Rf2) 23. gxf4 Rg5+ 24. Kh1 Bg2+ 25. Kg1 Bf3+ 26. fxg5 Qxg5#)
22... Rg5 23. e5 (23. Kh1 Nxg2 24. Bxg2 Rxg2 25. e5 (25. Kxg2 Bh3+ 26. Kg3 (26.
Kxh3 Qf3+ 27. Kh4 f6 28. Qxb7+ Kh6) 26... Bxf1) 25... Qf3 26. Qe4 Qxc3 27. Kxg2
Bh3+) 23... Rxe5 24. Ne4 Nxd5 25. Qd4 (25. Qxd6 Rxe4 26. Qxd5 Re7 27. Qd8 Be6
28. Qxa8 Bxa2 29. Bxb7 Bc4 30. Rd1 (30. Rb1 Qb2) 30... Qd4) 25... Rxe4 0-1

[Event "Vaujany Principal"]
[Site "?"]
[Date "2013.07.19"]
[Round "9.4"]
[White "Ninov, Nikolai"]
[Black "Schoorl, Rob"]
[Result "1/2-1/2"]
[WhiteElo "2481"]
[BlackElo "2340"]
[PlyCount "61"]
[SourceDate "2013.07.27"]

1. e4 e6 2. d4 d5 3. Nd2 Be7 4. c3 c5 5. dxc5 Nf6 6. exd5 exd5 7. Nb3 O-O 8.
Nf3 a5 9. a4 Nbd7 10. Be3 Qc7 11. Bb5 Nxc5 12. Nxc5 Bxc5 13. Bxc5 Qxc5 14. O-O
Bd7 15. Qd4 Qc7 16. Bd3 Rfb8 17. Ne5 Be8 18. Rfe1 b5 19. axb5 Bxb5 20. Bc2 Bc4
21. Reb1 Bb3 22. Bd3 Nd7 23. Re1 Re8 24. Nxd7 Qxd7 25. Rxe8+ Qxe8 26. h3 h6 27.
c4 dxc4 28. Bxc4 Bxc4 29. Qxc4 Rb8 30. Qc3 Qb5 31. Rxa5 1/2-1/2

[Event "Vaujany Principal"]
[Site "?"]
[Date "2013.07.19"]
[Round "9.5"]
[White "Ravot, Sylvain"]
[Black "Lobzhanidze, Davit"]
[Result "1-0"]
[WhiteElo "2288"]
[BlackElo "2453"]
[PlyCount "117"]
[EventDate "2013.07.27"]
[SourceDate "2013.07.27"]

1. d4 Nf6 2. c4 c5 3. d5 e5 4. Nc3 d6 5. e4 Be7 6. g3 O-O 7. h4 a6 8. a4 Ne8 9.
Bh3 Nd7 10. Qd3 Ndf6 11. h5 h6 12. Kf1 Nh7 13. f3 Bxh3+ 14. Rxh3 Qd7 15. g4 Bg5
16. Bxg5 Nxg5 17. Rg3 b6 18. Rb1 Nc7 19. b4 cxb4 20. Rxb4 Rab8 21. Nh3 Na8 22.
Nxg5 hxg5 23. Rg2 Rbc8 24. Nd1 Rc5 25. Ne3 Qe7 26. Nf5 Qf6 27. Kf2 Rfc8 28. Ne3
Qd8 29. Rg1 Qd7 30. Rgb1 Ra5 31. Qb3 g6 32. Rh1 Kg7 33. Kg2 Rh8 34. Kg3 Qc7 35.
Kg2 Qc5 36. Kf2 Rc8 37. Ke2 Rf8 38. Rh3 Rh8 39. Rh1 Qc7 40. Kd3 Qd7 41. Ke2 Rc8
42. Kd3 Qa7 43. Qb2 Rh8 44. Rh2 Qd7 45. Qb3 Rc5 46. Qb1 Rcc8 47. Qb2 Rc5 48.
Qb1 Qe8 49. Qh1 Qd8 50. hxg6 fxg6 51. Rbb2 Rxh2 52. Rxh2 Qg8 53. Rh6 b5 54.
Nf5+ gxf5 55. Qh5 fxe4+ 56. fxe4 bxc4+ 57. Kc3 Rc8 58. Qxg5+ Kf7 59. Rf6+ 1-0